| 000 | 00480nam a22001577a 4500 | ||
|---|---|---|---|
| 999 |
_c533645 _d533645 |
||
| 020 | _qHard Cover. | ||
| 082 | _a624.15 | ||
| 100 | _aSaadullah | ||
| 245 |
_aDetermination of Fully Softened Shear Strength / _cSaadullah. |
||
| 260 |
_aIslamabad: _bSCEE - NUST, _c2015. |
||
| 300 |
_a76 p. : _bill. ; _c30cm. |
||
| 942 |
_2ddc _cTHE |
||
| 650 |
_aGeotechnical Engineering MS-Thesis. _916696 |
||
| 700 |
_aDr. Liaqat Ali _916199 |
||